<?xml version="1.0" encoding="UTF-8"?>
<record
    xmlns:xsi="http://www.w3.org/2001/XMLSchema-instance"
    xsi:schemaLocation="http://www.loc.gov/MARC21/slim http://www.loc.gov/standards/marcxml/schema/MARC21slim.xsd"
    xmlns="http://www.loc.gov/MARC21/slim">

  <leader>00471nam a22001577a 4500</leader>
  <controlfield tag="003">LRUA</controlfield>
  <controlfield tag="005">20251128151357.0</controlfield>
  <controlfield tag="008">251128b        xxu||||| |||| 00| 0 eng d</controlfield>
  <datafield tag="040" ind1=" " ind2=" ">
    <subfield code="c">RUA</subfield>
  </datafield>
  <datafield tag="082" ind1=" " ind2=" ">
    <subfield code="2">RE THO 2013 C108 Or1</subfield>
  </datafield>
  <datafield tag="100" ind1=" " ind2=" ">
    <subfield code="9">19175</subfield>
    <subfield code="a">THO KIM EANG &#x1792;&#x17BC; &#x1782;&#x17B8;&#x1798;&#x200B;&#x17A2;&#x17CA;&#x17B6;&#x1784;</subfield>
  </datafield>
  <datafield tag="245" ind1=" " ind2=" ">
    <subfield code="a">Integrated Agriculture and Natural Resource Management for Sustainable Development</subfield>
  </datafield>
  <datafield tag="260" ind1=" " ind2=" ">
    <subfield code="a">PHNOM PENH</subfield>
    <subfield code="b">RUA</subfield>
    <subfield code="c">2013</subfield>
  </datafield>
  <datafield tag="300" ind1=" " ind2=" ">
    <subfield code="a">x69p</subfield>
    <subfield code="b">V</subfield>
    <subfield code="c">18cm</subfield>
  </datafield>
  <datafield tag="942" ind1=" " ind2=" ">
    <subfield code="2">ddc</subfield>
    <subfield code="c">REC</subfield>
  </datafield>
  <datafield tag="999" ind1=" " ind2=" ">
    <subfield code="c">25434</subfield>
    <subfield code="d">25434</subfield>
  </datafield>
  <datafield tag="952" ind1=" " ind2=" ">
    <subfield code="0">0</subfield>
    <subfield code="1">0</subfield>
    <subfield code="2">ddc</subfield>
    <subfield code="4">0</subfield>
    <subfield code="6">RE_THO_2013_000000000000000_C108_OR1</subfield>
    <subfield code="7">0</subfield>
    <subfield code="9">105712</subfield>
    <subfield code="a">LBC</subfield>
    <subfield code="b">LBC</subfield>
    <subfield code="d">2025-11-28</subfield>
    <subfield code="o">RE THO 2013 C108 Or1</subfield>
    <subfield code="p">C034253</subfield>
    <subfield code="r">2025-11-28</subfield>
    <subfield code="w">2025-11-28</subfield>
    <subfield code="y">REC</subfield>
  </datafield>
  <datafield tag="952" ind1=" " ind2=" ">
    <subfield code="0">0</subfield>
    <subfield code="1">0</subfield>
    <subfield code="2">ddc</subfield>
    <subfield code="4">0</subfield>
    <subfield code="6">RE_THO_2013_000000000000000_C108_OR2</subfield>
    <subfield code="7">0</subfield>
    <subfield code="9">105713</subfield>
    <subfield code="a">LBC</subfield>
    <subfield code="b">LBC</subfield>
    <subfield code="c">C108</subfield>
    <subfield code="d">2025-11-28</subfield>
    <subfield code="o">RE THO 2013 C108 Or2</subfield>
    <subfield code="p">C034254</subfield>
    <subfield code="r">2025-11-28</subfield>
    <subfield code="w">2025-11-28</subfield>
    <subfield code="y">REC</subfield>
  </datafield>
  <datafield tag="952" ind1=" " ind2=" ">
    <subfield code="0">0</subfield>
    <subfield code="1">0</subfield>
    <subfield code="2">ddc</subfield>
    <subfield code="4">0</subfield>
    <subfield code="6">RE_THO_2013_000000000000000_C108_OR3</subfield>
    <subfield code="7">0</subfield>
    <subfield code="9">105714</subfield>
    <subfield code="a">LBC</subfield>
    <subfield code="b">LBC</subfield>
    <subfield code="c">C108</subfield>
    <subfield code="d">2025-11-28</subfield>
    <subfield code="o">RE THO 2013 C108 Or3</subfield>
    <subfield code="p">C034255</subfield>
    <subfield code="r">2025-11-28</subfield>
    <subfield code="w">2025-11-28</subfield>
    <subfield code="y">REC</subfield>
  </datafield>
  <datafield tag="952" ind1=" " ind2=" ">
    <subfield code="0">0</subfield>
    <subfield code="1">0</subfield>
    <subfield code="2">ddc</subfield>
    <subfield code="4">0</subfield>
    <subfield code="6">RE_THO_2013_000000000000000_C108_OR4</subfield>
    <subfield code="7">0</subfield>
    <subfield code="9">105715</subfield>
    <subfield code="a">LBC</subfield>
    <subfield code="b">LBC</subfield>
    <subfield code="c">C108</subfield>
    <subfield code="d">2025-11-28</subfield>
    <subfield code="o">RE THO 2013 C108 Or4</subfield>
    <subfield code="p">C034256</subfield>
    <subfield code="r">2025-11-28</subfield>
    <subfield code="w">2025-11-28</subfield>
    <subfield code="y">REC</subfield>
  </datafield>
  <datafield tag="952" ind1=" " ind2=" ">
    <subfield code="0">0</subfield>
    <subfield code="1">0</subfield>
    <subfield code="2">ddc</subfield>
    <subfield code="4">0</subfield>
    <subfield code="6">RE_THO_2013_000000000000000_C108_OR5</subfield>
    <subfield code="7">0</subfield>
    <subfield code="9">105716</subfield>
    <subfield code="a">LBC</subfield>
    <subfield code="b">LBC</subfield>
    <subfield code="c">C108</subfield>
    <subfield code="d">2025-11-28</subfield>
    <subfield code="o">RE THO 2013 C108 Or5</subfield>
    <subfield code="p">C034257</subfield>
    <subfield code="r">2025-11-28</subfield>
    <subfield code="w">2025-11-28</subfield>
    <subfield code="y">REC</subfield>
  </datafield>
  <datafield tag="952" ind1=" " ind2=" ">
    <subfield code="0">0</subfield>
    <subfield code="1">0</subfield>
    <subfield code="2">ddc</subfield>
    <subfield code="4">0</subfield>
    <subfield code="6">RE_THO_2013_000000000000000_C108_OR6</subfield>
    <subfield code="7">0</subfield>
    <subfield code="9">105717</subfield>
    <subfield code="a">LBC</subfield>
    <subfield code="b">LBC</subfield>
    <subfield code="c">C108</subfield>
    <subfield code="d">2025-11-28</subfield>
    <subfield code="o">RE THO 2013 C108 Or6</subfield>
    <subfield code="p">C034258</subfield>
    <subfield code="r">2025-11-28</subfield>
    <subfield code="w">2025-11-28</subfield>
    <subfield code="y">REC</subfield>
  </datafield>
</record>
